Zdrojové hospodárstvo ako východisko z globálnej krízy bakalárska práca

Saved in:
Bibliographic Details
Main Author: Jankejech, Lukáš
Corporate Author: Národohospodárska fakulta EU. Katedra ekonómie
Other Authors: Vongrej, Marián
Format: Book
Language:Slovak
Published: Bratislava 2013
Tags: Add Tag
No Tags, Be the first to tag this record!

MARC

LEADER 00000nbm a2200000 4500
001 0172427
005 20161109112051.3
041 0 |a slo 
044 |a SK 
245 1 0 |a Zdrojové hospodárstvo ako východisko z globálnej krízy  |b bakalárska práca  |c Lukáš Jankejech ; školiteľ: Marián Vongrej 
264 1 |a Bratislava  |c 2013 
300 |a 41 s. 
100 1 |a Jankejech, Lukáš 
700 1 |a Vongrej, Marián 
710 2 |a Národohospodárska fakulta EU. Katedra ekonómie